[Event "SWE-ch"]
[Site "Gothenburg"]
[Date "2004.07.12"]
[Round "3"]
[White "Berg, Emanuel"]
[Black "Wedberg, Tom Birger"]
[Result "1-0"]
[WhiteElo "2510"]
[BlackElo "2533"]
[Annotator "Berg,E"]
[PlyCount "125"]
[EventDate "2004.07.10"]
[EventType "tourn"]
[EventRounds "13"]
[EventCountry "SWE"]
[EventCategory "8"]
[SourceTitle "CBM 101 Extra"]
[Source "ChessBase"]
[SourceDate "2004.09.01"]
[SourceVersion "2"]
[SourceVersionDate "2004.09.01"]
[SourceQuality "1"]
[WhiteClock "1:51:14"]
[BlackClock "0:20:46"]

1. e4 e5 2. Nf3 Nc6 3. d4 exd4 4. Nxd4 Qf6 {This move was unexpected. Usually
my opponent plays 4...Nf6.} 5. Be3 Bc5 6. c3 Qg6 {An interesting move that
Swedish Grandmaster Jonny Hector is used to play. Black puts pressure on the
g2 pawn and he also threatens to take on e4. 4...Nge7 is more common.} 7. Qe2
$5 {This move might look a bit strange, but there is an idea behind it. At
first the e4 pawn is taboo because of 8.Nxc6 Bxe3 9.Nd4 and White is winning a
piece. The other thing is that White now threatens to play Nb5. Therefore
Black is needed to exchange on d4 giving White a strong center.} ({White´s
alternative to Qe2 is} 7. Nd2 Nf6 {and now} 8. f4 $1 {with an interesting game.
} ({If white plays} 8. f3 {there will follow} d5 $1 9. Bb5 Qxg2 10. Rg1 Qxh2 {
with a very complicated game, but my opinion is that black has got the better
chanses.})) 7... Nxd4 (7... Nf6 $4 {looses a piece after} 8. Nxc6 Bxe3 9. Ne5
Qg5 10. Nf3) 8. cxd4 ({It is also possible to take} 8. Bxd4 {Here Black can
choose between exchanging on d4 or moving back his bishop to b6. In the game
Berg-Vallejo Pons, Junior ch Avilles 2000 there followed} Bb6 (8... Bxd4) 9.
Bxb6 axb6 10. Na3 Nf6 11. Nb5 Kd8 12. f3 d5 $1 {and Black had a good game.})
8... Bb4+ 9. Bd2 Bxd2+ 10. Nxd2 Ne7 {Black prepares to play ...d7-d5 to break
up the strong looking White center and take control on the white squares.} 11.
g3 {White is now solving the problem with the g2 pawn and he is now ready to
develop his bishop to.} O-O 12. Bg2 d5 {Black sacrifices a pawn for activity.
It is nessesary for Black to hit the white center before it´s groving too
strong.} 13. exd5 Bg4 $146 {A novelty according to my database.} ({In the game
Berg-Blehm, World Jun ch Yerevan 2000 there followed} 13... Bf5 $2 14. O-O Rfe8
15. Rfe1 Bd7 16. Qc4 Qb6 17. Qc5 Nf5 18. Nc4 {with a clear advantage to white.}
) 14. Qc4 {White has got everything protected and is planning to play 0-0 with
a safe king and asolid pawn more. But Black is to move and Wedberg plays
ingeniously.} b5 $1 {The whitequeen is now threatened and must leave the
important c4-square.} 15. Qc3 {A safety move. White givs back the pawn on d5,
but on the other hand he gets time for castling.} ({After} 15. Qc5 Qd3 {
will follow with matethreat in e2 and White is forced to go into repetition
with} 16. Bf1 Qf5 17. Bg2 Qd3 {repeting moves.}) ({If White plays the natural
looking} 15. Qb3 Nf5 $1 {will follow and Black is not only threatening the d4
pawn, but also ...Re8+.}) ({The main alternative was} 15. Qxb5 {which maybe
also was the best option. But there is a hard decision to do sitting at the
board. Black has dangerous counterplay after} Rab8 {but if white plays correct
it seems like he will be better in the end.} 16. Qc5 (16. Qc4 $2 {is bad
because of} Rxb2 {and White still cannot castle as the knight on d2 will be
hanging.}) 16... Rxb2 (16... Qa6 {is well met with} 17. Nc4 $1 {and Black can
no longer stop White from castling. For instance} Rxb2 18. O-O {with double
attacks on b2 and e7. White will be at least one pawn to the good.}) 17. O-O $1
Rxd2 18. Qxe7 {White has managed to keep the pawn and has a somewhat better
position.}) 15... Rad8 16. O-O Nxd5 17. Qc5 Qb6 $2 {Too passive. After this
White gets a nice position with pressure against the weakened black quuenside
pawns. Instead he should have played} (17... Qd3 $1 18. Nb3 Bf3 {and after} 19.
Bxf3 Qxf3 20. Qxb5 {black can force a draw by} Nf4 21. gxf4 Qg4+ 22. Kh1 Qf3+ {
with perpetual checks.}) 18. Rac1 Be6 19. Nf3 {White is luring black to weaken
himself on the kingside. Now both Ne5 and Ng5 are threatened so blacks next
move is compulsory.} f6 20. Rfe1 Bf7 21. a3 {There is no need to hurry for
white. Instead he can slowly strengthen his position. On a3 the pawn keeps the
b4 square for the balck knight and it can no longer be attacked by the black
bishop.} Rd7 22. Nd2 {The knight has finnished his work on f3. Now c5 is the
next stop.} Qxc5 {Black simplifies the game a bit but is weaknesses are still
there.} 23. Rxc5 a6 24. Bh3 Rd6 25. Ne4 Re8 26. Rcc1 Rb6 27. Nc5 {The knight
has now reached the ideal place on c5. Here it keeps important squares for the
black pieces and it also starts to attack the black queenside pawns.} Rxe1+ 28.
Rxe1 a5 29. Bg2 {White is planning to exchange off the black knight on d5 to
be able to enter with the rook on e7 or e8 afterwards.} a4 30. f4 {White gains
some more space and also creates more free squares around his king.} (30. Bxd5
{was an interesting try, but after} Bxd5 31. Re7 {the white king might be
vulnerable on the first rank and ...b5-b4 will come into consideration.} {
For instance} b4 32. Nxa4 bxa3 33. Nxb6 a2 34. Re1 cxb6 {White has an exchange
more but the advanced pawn on a2 in combination with the strong bishop on d5
gives black sufficient compensation.}) 30... Rd6 31. Nb7 Rd7 $2 {Black gives
unnessesary chanses to white.} (31... Rc6 $4 {looses immediately after} 32.
Bxd5 Bxd5 33. Nd8 Rd6 34. Re8#) ({Instead black should have played} 31... Rb6 {
and if} 32. Kf2 $5 {there will follow} Rxb7 33. Re8+ $1 Bxe8 34. Bxd5+ Kf8 35.
Bxb7 Ke7 {with equality.}) 32. Nc5 Rd6 33. Nb7 Rd7 34. Bh3 {Now white forces a
good endgame.} Re7 35. Rxe7 Nxe7 36. Bd7 Bd5 37. Na5 $1 {A seemingly strange
move. The knight is now trapped on the edge and has no way out. But the b5
pawn is threatened and black has to play ...c6 after which the square on b7 is
not protected anymore.} c6 38. Kf2 {The white king is going for c5!} Kf7 39.
Ke3 g6 40. Kd3 {Now, white threatens to play Kc3 followed by Kb4-c5 winning
the c6 pawn. Therefore black must move away his bishop from d5 to be able to
answer Kc3 with ...Nd5+ forcing the white king to move back again.} Bg2 41. Kc3
(41. d5 {was an interesting alternative. The idea is to sacrifice a pawn to be
able to enter with the king via d4 to c5. But black also has the options
playing ...c6-c5 and the pawn on b5 is protected by tactical means, Bxb5 Bf1+
winning a piece.} c5 {Nu går inte b5-bonden att slå på grund av ...Bf1+ med
pjäsvinst. Därför valde jag istället att först spela undan kungen från
diagonalen. Men om vit nu fortsätter med} 42. Ke2 {står han fortfarande bättre
och har goda vinstchanser. Kanske var detta en bättre fortsättning för vit än
vad som skedde i partiet.}) 41... Nd5+ 42. Kd2 Ne7 43. Kc3 Nd5+ 44. Kd2 Ne7 45.
d5 $1 Bxd5 {Forced. All other moves leads to the loss of a pawn for black.} 46.
Kc3 c5 $2 {Tom sacrifices back the pawn and gives another one on a4 trying to
save what can be saved. If he just lets the white king come to c5 he will be
lost, but there was a better option in} (46... g5 $1 {as my opponent told me
later on.} 47. fxg5 fxg5 48. Kd4 Be6 49. Bxc6 Nxc6+ 50. Nxc6 Kf6 51. Kc5 Bd7 $1
{White has got problems to pick up the black queenside pawns not giving black
counterchanses on the kingside. Ofcourse white is still better, but there is
unclear whether he can win or not. An interesting continuation is} 52. Kd6 $5 (
{If white plays the logical} 52. Kxb5 {there will follow} Kf5 53. Kc5 Be8 $1 {
and ...Kg4-h3 in the next moves with counterplay for black.}) 52... Be8 53. Nd4
{trying to keep the black king away from the white h-pawn and at the same time
makeing the black bishop passive.}) 47. Bxb5 Ke6 48. Bxa4 g5 49. fxg5 fxg5 50.
Nc4 h5 51. Ne3 Bf3 52. Kc4 Kd6 53. Bd1 Bxd1 54. Nxd1 Nf5 55. Kb5 Kd5 56. Nc3+
Kd4 57. a4 Nd6+ 58. Kc6 Nc4 59. Ne2+ Ke3 60. Kxc5 Nxb2 61. a5 $1 {White
sacrifices the knight since black has no possibility to stop the passed white
a pawn. Black is lost.} Nd3+ 62. Kb5 Kxe2 63. a6 1-0

[Event "NED-ch"]
[Site "Amsterdam"]
[Date "2016.08.22"]
[Round "1"]
[White "Van Foreest, Jorden"]
[Black "L'Ami, Erwin"]
[Result "1-0"]
[WhiteElo "2601"]
[BlackElo "2606"]
[Annotator "Besenthal,K"]
[PlyCount "71"]
[EventDate "2016.08.22"]
[EventType "tourn"]
[EventRounds "7"]
[EventCountry "NED"]
[EventCategory "14"]
[SourceTitle "CBM 174"]
[Source "ChessBase"]
[SourceDate "2016.09.13"]
[SourceVersion "1"]
[SourceVersionDate "2016.09.13"]
[SourceQuality "1"]

1. e4 e5 2. Nf3 Nc6 3. d4 exd4 4. Nxd4 Nf6 5. Nxc6 bxc6 6. e5 Qe7 7. Qe2 Nd5 8.
c4 Nb6 9. Nc3 a5 10. Bd2 a4 11. Qe4 g6 12. Bd3 Bg7 13. O-O O-O 14. Rae1 Bb7 15.
Bf4 Rae8 16. Qe2 Qb4 17. Ne4 Re6 {Diagramm [#]} 18. Qe3 $6 (18. Qc2 {war sehr
solide; Weiß hätte klaren Vorteil gehabt: Er beherrscht mehr Raum, sein
Springer steht besser, seine Läufer sind viel besser, am Königsflügel hat
er viele dynamische Möglichkeiten.}) 18... Ba6 ({Schwarz hätte hier ruhig} 
18... Nxc4 {versuchen sollen. Nach} 19. Qc5 Qxc5 20. Nxc5 Nxb2 21. Be2 Ba8 $14
{war seine Stellung verteidigungsfähig.}) (18... Qxb2 $2 19. Nc5 $16) 19. b3
$1 {Diagramm [#] Einfach, aber stark! Möglicherweise hatte Schwarz diesen Zug,
mit dem Weiß seinen Vorteil praktisch zementiert, einfach übersehen.} axb3
20. axb3 d5 $6 {Diagramm [#] Schwarz versucht noch ein wenig im Trüben zu
fischen.} ({Notwendig (d.h. objektiv besser) war passive Verteidigung mit} 
20... Ra8) ({oder gar} 20... Bc8 {doch mit Blick auf die praktische Partie
hatte Schwarz dazu verständlicherweise keine Lust.}) 21. exd6 {Öffnet dem
Lg7 die Diagonale - allein ein Angriffsziel gibt es dort nicht.} Rfe8 (21...
cxd6 22. Bxd6 Rxd6 23. Nxd6 $18) 22. Bh6 (22. dxc7 f5 23. Bd6 Rxd6 24. Nf6+
Bxf6 25. Qxe8+ Kg7 26. Re3 {gewinnt ebenfalls.}) 22... Bc3 (22... f5 23. Bxg7
fxe4 (23... Kxg7 24. Qd4+ Kg8 25. Nf6+) (23... Rxe4 24. Bxe4 Rxe4 25. Qc3 $18)
24. Ba1 $1 Qxd6 25. Be2 $18) 23. Qc1 $1 {Diagramm [#] Noch ein starker
Angriffszug. Schwarz wird der vielen Probleme nicht mehr Herr.} Bxe1 24. Rxe1 {
Es droht Sf6+ ebenso wie Da1.} Nd7 25. dxc7 f6 26. Qa1 Bc8 27. Re3 Qe7 28. c5
Ne5 29. Nd6 Nxd3 30. Nxe8 Rxe3 31. fxe3 g5 (31... Qxe8 32. Qxf6 {mit
undeckbarem Matt.}) 32. Nxf6+ Kf7 33. Bxg5 Kg6 (33... Qxc7 34. Ne4) 34. Ne4 Qe6
35. Qd4 Ne1 36. Bf4 1-0

[Event "Munich SKA"]
[Site "Munich"]
[Date "1994.05.22"]
[Round "2"]
[White "Beliavsky, Alexander G"]
[Black "Nikolic, Predrag"]
[Result "1-0"]
[WhiteElo "2650"]
[BlackElo "2625"]
[Annotator "Blatny,P"]
[PlyCount "101"]
[EventDate "1994.05.21"]
[EventType "tourn"]
[EventRounds "11"]
[EventCountry "GER"]
[EventCategory "16"]
[SourceTitle "CBM 042"]
[Source "ChessBase"]
[SourceDate "1994.10.01"]
[SourceVersion "1"]
[SourceVersionDate "1994.10.01"]
[SourceQuality "1"]

1. e4 e5 2. Nf3 Nc6 3. d4 exd4 4. Nxd4 Nf6 5. Nxc6 bxc6 6. e5 Qe7 7. Qe2 Nd5 8.
c4 Ba6 9. Qe4 Nf6 10. Qe2 Nd5 11. Nd2 $6 (11. b3 {--> Hoffman-Leko}) 11... g6
12. Qe4 (12. Ne4 Qb4+ 13. Qd2 (13. Bd2 $2 Qxb2 $19) 13... Bxc4 14. a3 Qxd2+ 15.
Bxd2 Bxf1 16. Rxf1 Bg7 $17) 12... Nb6 13. Bd3 Bg7 14. O-O O-O (14... Qxe5 $4
15. Qxe5+ Bxe5 16. Re1 f6 17. f4 $18) (14... Bxe5 $2 15. Re1 Bf6 16. Re2 $1 Kf8
(16... Qxe4 17. Nxe4 Be7 18. Nc5 $1 {/\Bg5+-}) 17. Qf3 $40) 15. f4 f6 (15... d6
$142 16. Nf3 (16. Qxc6 dxe5 $36) (16. c5 d5 $15) 16... dxe5 17. f5 (17. Nxe5 $5
) 17... Bxc4 $1 18. Bxc4 Qc5+ 19. Be3 Qxc4 $17) 16. Nf3 Rae8 17. Re1 Qf7 (17...
fxe5 18. fxe5 d5 $36 {[+]}) 18. b3 d5 19. Qe2 fxe5 20. Nxe5 (20. fxe5 $2 dxc4
$17) 20... dxc4 21. bxc4 Qe6 (21... Bxe5 22. fxe5 Bxc4 23. Bh6 (23. Ba3 Bxd3
24. Qxd3 Qf2+ 25. Kh1 Rf4 $15) 23... Bxd3 24. Qxd3 Qf2+ 25. Kh1 Rf5 $15) (21...
Nxc4 $142 $1 22. Nxf7 (22. Bxc4 $2 Bxc4 23. Qb2 Bxe5 24. Rxe5 (24. fxe5 $4 Qf1+
25. Rxf1 Rxf1#) 24... Bd5 $17) 22... Bd4+ 23. Be3 (23. Kf1 Rxe2 24. Nh6+ Kg7
25. Rxe2 Bxa1 26. Ng4 Rd8 $15) 23... Rxe3 24. Qxe3 Nxe3 25. Bxa6 Rxf7 $1 $17 (
25... Nc2+ 26. Kf1 Bxa1 27. Rc1 Rxf7 28. Rxc2 Rxf4+ $17)) 22. Bb2 {/^[+]} Bxe5
23. Bxe5 Bxc4 24. Rac1 Bxd3 25. Qxd3 Qxa2 26. Rxc6 $40 Qf7 (26... Rxf4 $2 27.
Rxg6+ $18) (26... Rxe5 27. Rxe5 Qa1+ 28. Qf1 Qxf1+ 29. Kxf1 Rxf4+ 30. Ke2 Rf7
$16) 27. Rd1 Qf5 28. Qb3+ Qf7 29. Qc2 Qf5 30. Qc3 Nd7 31. Bxc7 Rf7 32. Bd6 Nf6
33. Qc4 Ne4 34. Be5 Rxe5 35. fxe5 Qf2+ 36. Kh1 Qe3 $2 (36... Qf4 37. Rb1 Nf2+
38. Kg1 Nh3+ $1 $10) 37. Rf6 $1 Nf2+ $2 (37... Nxf6 $142 38. exf6 (38. Rd8+ $2
Kg7 39. exf6+ Kxf6 $15 (39... Rxf6 $4 40. Rg8+ Kh6 41. Qh4#)) 38... Qb6 (38...
Qe8 $5) 39. Rf1 Qc7 $14 (39... h6 $5)) 38. Rxf2 Qxf2 39. e6 Re7 40. Rf1 Rc7 $8
41. Qb5 (41. e7+ $2 Rxc4 42. e8=Q+ Kg7 43. Qd7+ Kh6 44. Qh3+ Kg5 {=/+/-/+})
41... Qc5 42. Qe8+ Kg7 43. h3 Kh6 44. Qd8 Qe7 45. Qd4 Rc5 46. Qd2+ Qg5 (46...
g5 47. Qd4 Kg6 48. Qd3+ Kh6 49. Rf7 $18) 47. Qd6 Rc2 (47... Rf5 48. Rxf5 Qxf5
49. e7 Qe4 50. Qf6 Qb1+ 51. Kh2 Qb8+ 52. g3 $18) 48. Qf8+ $18 Kh5 49. Rg1 Qe3
50. g4+ Kg5 51. h4+ $1 (51. h4+ Kxh4 52. Qe7+ g5 53. Qxh7#) 1-0

[Event "Lazne Bohdanec"]
[Site "Lazne Bohdanec"]
[Date "1995.??.??"]
[Round "9"]
[White "Sax, Gyula"]
[Black "Blatny, Pavel"]
[Result "1/2-1/2"]
[WhiteElo "2535"]
[BlackElo "2485"]
[Annotator "Blatny,P"]
[PlyCount "89"]
[EventDate "1995.01.??"]
[EventType "tourn"]
[EventRounds "11"]
[EventCountry "CZE"]
[EventCategory "10"]
[SourceTitle "CBM 045"]
[Source "ChessBase"]
[SourceDate "1995.04.01"]
[SourceVersion "1"]
[SourceVersionDate "1995.04.01"]
[SourceQuality "1"]

1. e4 e5 2. Nf3 Nc6 3. d4 exd4 4. Nxd4 Bc5 5. Be3 Qf6 6. c3 Nge7 7. g3 d5 8.
Bg2 Nxd4 $2 (8... dxe4 $142 9. Nd2 Bxd4 10. cxd4 Bf5 11. Nxe4 Bxe4 12. Bxe4 Rd8
$10) 9. cxd4 Bb4+ 10. Nc3 c6 (10... dxe4 11. Qa4+ Nc6 12. O-O Bxc3 13. bxc3 $16
) 11. O-O dxe4 12. Nxe4 Qg6 13. Qb3 $1 (13. a3 Ba5 14. Bg5 Nd5 15. b4 Bc7 16.
Re1 O-O $13) 13... Nd5 (13... Ba5 $2 14. Qa3 $1 Bc7 15. Rae1 Be6 16. Bg5 $1 Nd5
(16... f6 $2 17. Nxf6+ $1 gxf6 18. Rxe6 $18) 17. f4 {/\f5+-}) 14. Nc3 Bxc3 15.
bxc3 O-O 16. c4 (16. Bxd5 cxd5 17. Qxd5 Bh3 $132) 16... Nxe3 17. fxe3 Re8 18.
Rf4 Qd6 $2 $16 (18... Re7 $142 $14) 19. Raf1 Re7 20. c5 Qc7 21. d5 cxd5 22.
Rxf7 $1 Be6 $8 23. Rxe7 Qxe7 24. Bxd5 Bxd5 25. Qxd5+ Kh8 26. e4 Rd8 27. Rf7 $1
Qe8 28. Qf5 (28. Qxb7 $142 Qe5 29. Qd5 $1 $18) 28... h6 29. Kg2 $6 (29. e5 {
/\e6+- _|_}) 29... Rd2+ 30. Kh3 $6 (30. Kf3 $1 Kg8 31. Rxb7 $18) 30... Kg8 $1
31. Rc7 $2 (31. Rxb7 $142 g6 32. Rb8 $3 gxf5 (32... Qxb8 33. Qxg6+ {/\Qxh6+-})
33. Rxe8+ $18 {_|_}) 31... g6 $1 32. Rc8 (32. Qf6 Rd7 $8 33. Rxd7 Qxd7+ 34. Kg2
(34. Kh4 $2 Kh7 $1 35. g4 (35. Qf1 g5+ 36. Kh5 Qe8+ 37. Kg4 Qxe4+ $17) 35...
Qd2 $1 $10) (34. g4 $2 Qd3+ 35. Kh4 Qxe4 $15) 34... Qd2+ 35. Kf3 $5 (35. Qf2
Qd3 36. Qf3 Qc2+ $10) 35... Qd1+ 36. Kf4 Qc1+ $1 $8 37. Kg4 (37. Ke5 Qxc5+ 38.
Ke6 Qc6+ 39. Ke7 Qc7+ 40. Ke8 Qc8+ 41. Qd8 Qe6+ 42. Qe7 Qc8+ $10) 37... Qd1+
38. Kh3 (38. Kh4 g5+ 39. Kh3 Qh5+ 40. Kg2 Qe2+ $10) 38... Qd7+ $10 (38... Qh5+
$6 39. Qh4 $16)) (32. Qg4 $2 h5 33. Qc8 Rd8 $1 34. Qxb7 Qe6+ 35. Kg2 Rd2+ 36.
Kg1 $8 Rd1+ 37. Kg2 Qxa2+ 38. Kf3 Rf1+ 39. Ke3 Qf2+ 40. Kd3 Rd1+ 41. Kc4 Qd4+
$19) 32... gxf5 33. Rxe8+ Kf7 34. Rb8 (34. Re5 fxe4 35. Rxe4 Rxa2 36. Rb4 b6 $1
(36... Rc2 37. Rxb7+ Kg6 38. Rb5 $1 {/\Ra5}) 37. cxb6 (37. c6 $2 Rc2) 37...
axb6 38. Rxb6 Kg7 $10) 34... fxe4 35. Rxb7+ Ke6 36. Rxa7 h5 $1 {עh3, (.)} (
36... e3 $2 37. Ra3 $1 e2 38. Re3+ Kd5 39. Kg4 $16) 37. c6 Rc2 38. c7 Kd5 $1
39. Kh4 (39. Ra5+ Kd4 40. Rxh5 e3 41. Rh7 e2 42. Re7 Kd3 43. Rd7+ Ke3 44. Re7+
Kf2 45. Rf7+ Kg1 46. Re7 $10) 39... e3 $1 40. Kxh5 Kd4 $1 (40... e2 $2 41. c8=Q
Rxc8 42. Re7 Rc2 43. Kg4 $1 {/\Kf3+-}) 41. Kg4 e2 42. c8=Q Rxc8 43. Re7 Kd3 $10
44. h4 Rg8+ 45. Kf3 (45. Kf3 Rf8+ 46. Kg4 $10 (46. Kg2 $2 Rf1 $1 {עg2}))
1/2-1/2

[Event "Candidates m6"]
[Site "Sarajevo"]
[Date "1991.??.??"]
[Round "3"]
[White "Timman, Jan H"]
[Black "Huebner, Robert"]
[Result "1-0"]
[WhiteElo "2630"]
[BlackElo "2620"]
[Annotator "Blatny,P"]
[PlyCount "81"]
[EventDate "1991.01.??"]
[EventType "match"]
[EventRounds "7"]
[EventCountry "BIH"]
[SourceTitle "Candidates"]
[Source "ChessBase"]
[SourceDate "1999.07.01"]
[SourceVersion "2"]
[SourceVersionDate "1999.07.01"]
[SourceQuality "1"]

1. e4 {Borik} e5 2. Nf3 Nc6 3. d4 exd4 4. Nxd4 Bc5 5. Nf5 Qf6 (5... g6 6. Ne3
Nf6 7. Nc3 O-O 8. Bd3 Re8 9. O-O d6 10. Kh1 Ne5 11. Be2 Nc6 12. f3 a6 $1 13.
Bd2 Nd4 14. Bd3 c6 15. f4 Nb5 {1/2-1/2 Timman-Gligoric, 1984}) (5... d6 $5 6.
Nxg7+ $6 (6. Ne3 Qf6 7. Nc3 Nge7 8. Bd3 $5) 6... Kf8 7. Nh5 Qh4 8. Ng3 Nf6 9.
Be2 Ne5 10. b4 $5 (10. f3 $2 {Handoko-Timman, Zagreb/Rieka 1985} Nh5 $1 (10...
Rg8 $5 11. Qd2 $2 (11. Kd2 Be6 $17) 11... Rxg3 12. Qh6+ Qxh6 13. Bxh6+ Rg7) 11.
Qd2 h6) 10... Bxb4+ 11. c3 Bc5 12. Ba3 Nxe4 13. Bxc5 Nxc5 $15 {Karpov}) 6. Nc3
Nge7 7. Ne3 O-O 8. Bd3 $5 (8. g3 Ne5 (8... d5 $5 9. exd5 (9. Ncxd5 Nxd5 10.
exd5 Ne5 11. Bg2 (11. f4 Re8) 11... Bxe3 12. Bxe3 Bg4) 9... Bxe3 10. Bxe3 Ne5
$44 {Huebner}) 9. f4 N5g6 10. Bg2 c6 11. O-O d5 12. Kh1 $1 Bxe3 13. Bxe3 dxe4
14. Qc1 Bf5 15. Nxe4 $14 {Ljubojevic-Karpov,Montreal 1979}) 8... Ne5 (8... d6
$142 9. O-O Ne5) 9. Be2 N5g6 $2 (9... d6 $142 $1 {Kasparov} 10. f4 (10. g3 Bh3
$1 11. f4 N5g6 $132) 10... Qxf4 11. Ng4 Qxg4 12. Bxg4 Bxg4 13. Qd2 f5 14. h3
Bf3 $1) 10. g3 $1 d6 11. h4 $1 $16 (11. f4 Bh3 $132) 11... Re8 12. h5 Nf8 13.
Rh4 $1 {/\ 14.Rf4 Qd4 15.Qd4 Bd4 15.Nb5} c6 14. Na4 $1 Qd4 15. Nxc5 Qxc5 16.
Nc4 Rd8 17. Be3 Qb5 18. a4 Qa6 19. b4 d5 20. Nb6 (20. Bc5 $1 {Borik (drohend
Sd6 mit Damengewinn für nur eine Figur)} b5 21. Bxe7 Rd7 22. axb5 Qxb5 (22...
Qb7 23. Na5 Qc7 24. Bxf8 Kxf8 25. bxc6 {+-}) 23. Nd2 Qb7 24. Bxf8 {mit einer
Figur mehr. In der Partie leistete Dr.Hübner mit den zwei Figuren gegen die
Dame noch einen hartnäckigen Widerstand.}) 20... Qxb6 21. Bxb6 axb6 22. exd5
Nf5 23. Rf4 Rxd5 24. Bd3 g6 25. hxg6 hxg6 26. Re4 Be6 27. Qd2 Nd4 28. Qc3 c5
29. bxc5 bxc5 30. Bc4 Rh5 31. Bxe6 Nfxe6 32. Rh4 Rf5 33. Kf1 Rf3 34. Qb2 Re8
35. Re1 Re7 36. a5 Rd7 37. Kg2 Rf5 38. Reh1 Ng5 39. a6 b5 40. c3 Ndf3 41. Rf4
1-0

[Event "Tilburg"]
[Site "Tilburg"]
[Date "1994.??.??"]
[Round "2"]
[White "Hansen, Lars Bo"]
[Black "Almasi, Zoltan"]
[Result "0-1"]
[WhiteElo "2580"]
[BlackElo "2620"]
[Annotator "Blatny,P"]
[PlyCount "62"]
[EventDate "1994.09.??"]
[EventType "k.o."]
[EventRounds "7"]
[EventCountry "NED"]
[SourceTitle "CBM 044"]
[Source "ChessBase"]
[SourceDate "1995.02.01"]
[SourceVersion "1"]
[SourceVersionDate "1995.02.01"]
[SourceQuality "1"]

1. e4 e5 2. Nf3 Nc6 3. d4 exd4 4. Nxd4 Nf6 5. Nxc6 bxc6 6. e5 Qe7 7. Qe2 Nd5 8.
Nd2 (8. c4 Ba6 9. b3 Qh4 10. a3 Bc5 11. Bb2 Nf4 12. Qf3 Ne6 13. g3 Nd4 $5 14.
Qd3 Qg4 15. Nd2 d5 16. Bg2 O-O-O 17. h3 Qh5 18. Bxd4 dxc4 19. Nxc4 Rxd4 20.
Nd6+ Kb8 21. Qxa6 Qxe5+ {=/+/-/+ Handoko-Xie Jun/Jakarta/1994/}) 8... g6 9. c4
Ba6 10. Qe4 (10. Ne4 Qb4+ (10... Bg7 11. Bg5 Qxe5 12. Nc5 $13) 11. Nd2 Bg7 $15)
10... f5 11. Qd4 $6 (11. exf6 $142 Nxf6 12. Qxe7+ Bxe7 {=/=/+ <->f,@ _|_})
11... Nb4 12. Qc3 c5 $1 13. Be2 (13. Nf3 $142 Bg7 14. Bg5 Qe6 15. Be2 Bb7 $15)
13... Bg7 14. f4 $2 (14. Nf3) 14... d6 (14... Bb7 15. Bf3 $1) 15. Nf3 (15. a3
Nc6 16. Bf3 Bb7 17. Qb3 O-O-O 18. Qa4 (18. Qb5 a6 19. Qa4 Nd4 $17) 18... Qe8
$17) 15... Bb7 $17 16. a3 Nc6 17. Qb3 Rb8 18. exd6 cxd6 19. Qe3 (19. O-O $4 Nd4
20. Nxd4 Bxd4+ 21. Kh1 Bxg2+ $19) 19... Nd4 (19... Qxe3 20. Bxe3 Bxb2 21. Ra2
Bc3+ 22. Bd2 {-/+/-+ _|_}) 20. Qxe7+ Kxe7 21. Kf2 Be4 $5 {/\Nb3,Rhe8} (21...
Bxf3 22. Bxf3 Nxf3 23. Kxf3 Rb3+ $1 $19) 22. Ra2 (22. Nd2 Nb3 23. Nxb3 Rxb3 {
/\Rhb8,Bd4-+}) 22... Nxe2 23. Kxe2 Rhe8 24. Kf2 Rb3 25. h4 (25. Re1 $142) 25...
Bxf3 26. gxf3 Bd4+ $19 {_|_} 27. Kg3 Kf7 28. Rd1 Re2 29. Bd2 Bf2+ 30. Kh3 Rxf3+
31. Kg2 Rd3 0-1